Методика анализа работоспособности алгоритмического обеспечения систем энергосберегающего управления; Известия Томского политехнического университета [Известия ТПУ]; Т. 314, № 5: Управление, вычислительная техника и информатика

Dades bibliogràfiques
Parent link:Известия Томского политехнического университета [Известия ТПУ]/ Томский политехнический университет (ТПУ).— , 2000-
Т. 314, № 5: Управление, вычислительная техника и информатика.— 2009.— [С. 44-48]
Autor principal: Муромцев Ю. Л.
Altres autors: Грибков А. Н., Петров А. В.
Sumari:Заглавие с титульного листа
Электронная версия печатной публикации
Предложена методика использования взаимного расположения области существования решения задачи оптимального управления и множества полюсов в пространстве синтезирующих переменных для оценки работоспособности алгоритмического обеспечения систем энергосберегающего управления.
Idioma:rus
Publicat: 2009
Col·lecció:Управление, вычислительная техника и информатика
Matèries:
Accés en línia:http://www.lib.tpu.ru/fulltext/v/Bulletin_TPU/2009/v314/i5/09.pdf
Format: MixedMaterials Electrònic Capítol de llibre
KOHA link:https://koha.lib.tpu.ru/cgi-bin/koha/opac-detail.pl?biblionumber=175615

MARC

LEADER 00000nla2a2200000 4500
001 175615
005 20231031165127.0
035 |a (RuTPU)RU\TPU\book\190407 
035 |a RU\TPU\book\190393 
090 |a 175615 
100 |a 20100216d2009 k y0rusy50 ca 
101 0 |a rus 
102 |a RU 
135 |a drnn ---uucaa 
181 0 |a i  
182 0 |a b 
200 1 |a Методика анализа работоспособности алгоритмического обеспечения систем энергосберегающего управления  |b Электронный ресурс  |f Ю. Л. Муромцев, А. Н. Грибков, А. В. Петров 
203 |a Текст  |c электронный 
215 |a 1 файл (436 Кб) 
225 1 |a Управление, вычислительная техника и информатика 
230 |a Электронные текстовые данные (1 файл : 436 Кб) 
300 |a Заглавие с титульного листа 
300 |a Электронная версия печатной публикации 
320 |a [Библиогр.: с. 48 (2 назв.)] 
330 |a Предложена методика использования взаимного расположения области существования решения задачи оптимального управления и множества полюсов в пространстве синтезирующих переменных для оценки работоспособности алгоритмического обеспечения систем энергосберегающего управления. 
337 |a Adobe Reader 
461 1 |0 (RuTPU)RU\TPU\book\176237  |t Известия Томского политехнического университета [Известия ТПУ]  |f Томский политехнический университет (ТПУ)  |d 2000- 
463 1 |0 (RuTPU)RU\TPU\book\190282  |x 1684-8519  |t Т. 314, № 5: Управление, вычислительная техника и информатика  |v [С. 44-48]  |d 2009  |p 263 с. 
610 1 |a оптимальное управление 
610 1 |a когнитивная модель 
610 1 |a метод синтезирующих переменных 
610 1 |a электронный ресурс 
700 1 |a Муромцев  |b Ю. Л. 
701 1 |a Грибков  |b А. Н. 
701 1 |a Петров  |b А. В. 
801 1 |a RU  |b 63413507  |c 20090623  |g PSBO 
801 2 |a RU  |b 63413507  |c 20211214  |g PSBO 
856 4 |u http://www.lib.tpu.ru/fulltext/v/Bulletin_TPU/2009/v314/i5/09.pdf 
942 |c CF